Discos de Pink Floyd por foto - Estadísticas

Estadísticas generales
  • Esta prueba ha sido intentada 43 veces
  • La puntuación promedio es 9 de 13
Estadísticas de respuestas
Imagen Respuesta % Correcto
The Wall
100%
The Dark Side of the Moon
98%
Wish You Were Here
95%
Animals
90%
The Division Bell
75%
Meddle
65%
The Final Cut
65%
Atom Heart Mother
53%
Ummagumma
50%
A Momentary Lapse of Reason
48%
The Endless River
48%
The Piper at the Gates of Dawn
38%
A Saucerful of Secrets
33%
No se encontraron pruebas coincidentes
Distribución de puntuación
Porcentaje de gente con cada puntuación
Porcentaje por número respondido
Historial de tus puntuaciones
No has intentado esta prueba.